000 00553nam a2200193Ia 4500
005 20250518141851.0
008 240825s9999 xx 000 0 und d
020 _a9788131610831
_qhbk
041 _aeng
082 _a301.092
_bPRA
100 _aPramanick, S.K
245 0 _aSociology of G.S. Ghurye
_c/ S.K. Pramanick
250 _a2nd ed.
260 _bRawat Publication
_cc2020
_aNew Delhi
300 _a324p
_c23 cm.
504 _aBib and Ref
650 _aSociology; Ghurye, G. S. 1893-1983 Inde Conditions sociales India
942 _cENGLISH
999 _c542227
_d542227